Wszystkie ulice Pragi Północ - Statystyki

Ogólne statystyki
  • Ten quiz został rozwiązany 74 razy
    73 od ostatniego zresetowania
  • Średni wynik to 39 z 105
Statystyki odpowiedzi
Odpowiedź % Poprawnych
ulica Targowa
94%
ulica Ząbkowska
88%
ulica Wileńska
85%
ulica Radzymińska
82%
ulica Brzeska
79%
plac Hallera
79%
ulica Jagiellońska
79%
ulica Kijowska
79%
ulica Szwedzka
79%
ulica 11-listopada
76%
ulica Ratuszowa
76%
ulica Stalowa
73%
ulica Starzynskiego
73%
rondo Starzyńskiego
73%
ulica Białostocka
70%
ulica Namysłowska
67%
ulica Okrzei
64%
aleja Solidarności
64%
ulica Kawęczyńska
61%
ulica Markowska
58%
ulica Czynszowa
55%
ulica Inżynierska
55%
ulica Kłopotowskiego
55%
ulica Konopacka
55%
ulica Dąbrowszczaków
52%
ulica Strzelecka
52%
ulica Bródnowska
48%
ulica Floriańska
48%
ulica Mała
48%
most Śląsko-Dąbrowski
48%
most Świętokrzyski
48%
most Gdański
45%
ulica Łochowska
45%
ulica Środkowa
45%
ulica Darwina
42%
ulica Sierakowskiego
42%
ulica Kępna
39%
ulica Wołomińska
39%
ulica Wybrzeże Helskie
39%
ulica Zaokopowa
39%
ulica Brechta
36%
ulica Kowieńska
36%
ulica Sokola
36%
ulica Szanajcy
36%
ulica Szymanowskiego
36%
ulica Tarchomińska
36%
ulica Cyryla i Metodego
33%
ulica Krowia
33%
ulica Młota
33%
ulica Otwocka
33%
ulica Panieńska
33%
aleja Tysiąclecia
33%
plac Konesera
30%
ulica Linneusza
30%
ulica Modlińska
30%
ulica Skoczylasa
30%
ulica Wybrzeże Szczecińskie
30%
ulica Golędzinowska
27%
ulica Harnasie
27%
ulica Łomżyńska
27%
ulica Marcinkowskiego
27%
ulica Nieporęcka
27%
ulica Siedlecka
27%
ulica Toruńska
27%
plac Wileński
27%
ulica Batalionu Platerówek
24%
ulica Grodzieńska
24%
ulica Nusbauma
24%
ulica Zamoyskiego
24%
ulica Burdzińskiego
21%
ulica Kosmowskiej
21%
ulica Wiosenna
21%
ulica Wybrzeże Puckie
21%
ulica Budzińskiej-Tylickiej
18%
ulica Folwarczna
18%
ulica Groszkowskiego
18%
most Grota-Roweckiego
18%
ulica Kameralna
18%
ulica Kotsisa
18%
ulica Objazdowa
18%
ulica Równa
18%
ulica Szernera
18%
ulica Wojnicka
18%
ulica Wrzesińska
18%
ulica Zachariasza
18%
ulica Zatylna
18%
ulica Gersona
15%
ulica Jasińskiego
15%
ulica Letnia
15%
most średnicowy
15%
ulica Stolarska
15%
ulica Witkiewicza
15%
ulica Zamoście
15%
ulica Blaszana
12%
ulica Borowskiego
12%
ulica Jadowska
12%
ulica Lęborska
12%
ulica Olszowa
12%
plac Weteranów 1863
12%
ulica Grajewska
9%
ulica Instytutowa
9%
ulica Rozwojowa
9%
ulica Elektronowa
6%
ulica Mackiewicza
6%
Nie znaleziono quizów pasujących do podanych kryteriów
Rozkład punktacji
Procent ludzi z każdym wynikiem
Percentyl według liczby udzielonych odpowiedzi
Twoja historia wyników
Nie rozwiązałeś tego quizu od ostatniego zresetowania